| 000 | 00802nam a2200205Ia 4500 | ||
|---|---|---|---|
| 003 | IN-BaIIA | ||
| 008 | 211028s9999 xx 000 0 eng d | ||
| 040 | _cIIA Library | ||
| 080 |
_a524(082.2) _bDOU |
||
| 100 |
_aWilliams Alton, C. _915906 |
||
| 111 |
_aWorkshop on Double Layers in Astrophysics _cMaryland, USA _d1985 Sep. 30- Oct. 4 _915907 |
||
| 245 | 0 |
_aDouble layers in astrophysics _bproceeding of the workshop on double layers in astrophysics, held in Maryland, USA, September 30th- October 4, 1985 _c C. Williams Alton |
|
| 260 | _c1987 | ||
| 300 | _ax, 328p. | ||
| 490 | _aNASA conference publication; 2469 | ||
| 650 | _aAstronomy and astrophysics thesaurus | ||
| 650 |
_aAstrophysics _9794 |
||
| 700 |
_aMoorehead Tauna, W. _915908 |
||
| 942 | _cBK | ||
| 999 |
_c9455 _d9455 |
||